000 00490nam a2200169 i 4500
001 88594
003 ES-MaACL
005 20230906175905.0
007 t|
008 050105s1948 xxk ||||1| eng d
100 1 _aLambert, Constant.
_969807
245 1 0 _aMusic ho!
_b: a study of music in decline /
_cby Constant Lambert.
250 _a1st ed.
260 _aMiddlesex (England) :
_bPenguin Books,
_c1948 (
_fHazell)
300 _a251 p. ;
_c18 cm.
852 _aES-MaACL
_jD-6067
_bR.29632
999 _c88594
_d88594